| 000 | 00447nam a22001457a 4500 | ||
|---|---|---|---|
| 008 | 150311b xxu||||| |||| 00| 0 eng d | ||
| 020 | _a9780673350374 | ||
| 050 | _aPC2112.V146 | ||
| 100 |
_aValdman, Albert et al... _916169 |
||
| 245 |
_aViens Voir! _cAlbert Valdman et al... |
||
| 260 |
_aIllinois _bScott, Foresman and Company _c1990 |
||
| 300 |
_axvii, 590p. ; _c24cm. |
||
| 650 |
_aFrench language _xtextbooks _916166 |
||
| 942 |
_2lcc _cMONOGRAPH |
||
| 999 |
_c122389 _d122389 |
||